000 00435nam a2200157Ia 4500
008 190805s9999||||xx |||||||||||||| ||und||
020 _a9780552161275
_c£ 7.99
082 0 4 _a813.54
_bB8126
100 1 _aBrown, Dan
245 1 4 _aThe Da Vinci Code /
_cDan Brown
260 _aLondon :
_bCorgib Books (Penguin),
_c2009
300 _a589 p.
_b :
_c; 18 cm
650 0 _aCryptographers
_vFiction
942 _cBK
999 _c408
_d408